Norske Musikkgrupper A-Å - Statistics

General Stats
  • This quiz has been taken 28 times
  • The average score is 11 of 28
Answer Stats
Bokstav Sanger Band % Correct
A Take On Me, The Sun Always Shines On TV, Hunting High and Low A-ha
96%
P Idyll, En Solskinnsdag, Tidløs Postgirobygget
92%
D Neste Sommer, Smak Av Honning, Tøff i Pysjamas deLillos
88%
M Beggin', Glow, Don't Worry Madcon
88%
K Grevling i taket, Hallo! Hallo!, Dum og deilig Knutsen & Ludvigsen
84%
Y The Fox (What Does The Fox Say?), Stonehenge, Trucker's Hitch Ylvis
80%
H Den finaste eg veit, Ei krasafaren steinbu, 20 år på vegen Hellbillies
76%
C Kanskje du behøver noen, Vill, Vakker & Våt, Harry CC Cowboys
68%
O Jag Trodde Änglarna Fanns, Nei, Så Tjukk Du Har Blitt, Kongen Av Campingplassen Ole Ivars
64%
B Oro jáska beana, Edwin, No Milk Today The {BlackSheeps}
64%
J Her Kommer Vinteren, Jeg Er Redd, To fulle menn Jokke & Valentinerne
60%
N Am I Wrong, That's How You Know, In Your Arms Nico & Vinz
56%
E Dra Tilbake, Ølbriller, Etter Regnet Erik og Kriss
48%
V Borghild, Gi Meg Fri I Kveld, Surfbrett Vazelina Bilopphøggers
44%
T All My Friends Are Dead, F*ck The World (FTW), Get It On Turbonegro
28%
R Eple, What Else Is There?, Here She Comes Again Röyksopp
16%
W Helvegen, Lyfjaberg, Kvitravn Wardruna
8%
Å Stomp og Vatn, Påskerally på riksveg nummer 9, Eg e frå bygdinn Åsmund Åmli Band
4%
I Naked In The Rain, Happy, Feeling Good Infinity
4%
L Om Hundrede Aar Er Alting Glemt, Ormin Lange, Nøkken Lumsk
4%
Ø Syng Dovre, Fåfengt Fell Ikkje Lauvet Lell, Ailder Meir Vil Eg Her Ifrå Østenfor Sol
4%
Q Absolutely Fabulous, Drop Dead Gorgeous, - Queentastic
4%
X Sports Not Heavy Crime, Kissed By A Kisser, Joy Comes In The Morning Xploding Plastix
4%
Z Evig ung, Vent ikkje legg på, Du e`kje her Zoo
4%
F Shouldn't Have to Be Like That, Stitches and Burns, Later Fra Lippo Lippi
0%
G I Got A War, Easy Living, Desolate City Gluecifer
0%
S Sommerlykke, Hva med stakkars meg da?, Juleglede Sterk Naken og Biltyvene
0%
U I Troldskog Faren Vild, So Falls The World, Machine Guns and Peacock Feathers Ulver
0%
No matching quizzes found
Score Distribution
Percent of People with Each Score
Percentile by Number Answered
Your Score History
You have not taken this quiz